000 00515nam a2200181Ia 4500
003 GCL
008 140319s9999 xx 000 0 ara d
040 _aGCL /
_cGCL
082 0 4 _a781.91
_bج ت
100 1 _aجورج مدبك
245 1 0 _aتاريخ الالات الموسيقية /
_cجورج مدبك
260 _a[S.N] :
_bدار الراتب الجامعية ،
_c1994
300 _a272 ص
490 _a
650 0 4 _aالموسيقى
650 0 4 _aالالات الموسيقية
942 _2ddc
_cBK
999 _c54694
_d54694